| 000 | 00571cac a2200193 a 4500 | ||
|---|---|---|---|
| 003 | CO-PeBPM | ||
| 005 | 20250728153334.0 | ||
| 008 | 231129e1973||||xx |||||||||||||| ||spa|| | ||
| 040 | 0 |
_aCO-PeBPM _bspa _cCO-PeBPM _erda |
|
| 041 | 0 | _aspa | |
| 082 | 0 | 4 | _a301.2 L586h |
| 100 | 1 |
_aLeontiev, A.N. _eautor |
|
| 245 | 1 | 0 |
_aEl hombre y la cultura _b: Problemas teóricos sobre educación _c/ A.N Leontiev |
| 250 | _aSegunda edición | ||
| 260 |
_aMéxico _bEditorial Grijalbo _c1973 |
||
| 300 |
_a158 Páginas _c; 18 centímetros |
||
| 500 | _aIncluye Índcie | ||
| 942 |
_2ddc _cBK |
||
| 999 |
_c11302 _d11302 |
||